[Event "FIDE Womens World Cup 2021"]
[Site "Sochi"]
[Date "2021.07.14"]
[Round "1.4"]
[White "Narva, Mai"]
[Black "Mammadova, Gulnar"]
[Result "1/2-1/2"]
[WhiteElo "2276"]
[BlackElo "2385"]
[Annotator "ChessBase"]
[PlyCount "223"]
[EventDate "2021.07.12"]
[EventType "k.o."]
[EventCountry "RUS"]
[SourceTitle "playchess.com"]
[Source "ChessBase"]
[SourceQuality "1"]
[TimeControl "1500+10"]

1. e4 {[%emt 0:00:03]} e5 {[%emt 0:00:01]} 2. Nf3 {[%emt 0:00:06]} Nc6 {[%emt 0:00:03]} 3. Nc3 {[%emt 0:00:05]} Nf6 {[%emt 0:00:02]} 4. g3 {[%emt 0:00:13]} d5 {[%emt 0:00:35]} 5. exd5 {[%emt 0:00:06]} Nxd5 {[%emt 0:00:03]} 6. Bg2 {[%emt 0:00:11]} Nxc3 {[%emt 0:00:17]} 7. bxc3 {[%emt 0:00:08]} Bc5 {[%emt 0:00:26]} 8. O-O {[%emt 0:00:22]} O-O {[%emt 0:00:03]} 9. d3 {[%emt 0:00:30]} Bg4 {[%emt 0:01:39]} 10. Qe1 {[%emt 0:00:07]} Bd6 {[%emt 0:04:25]} 11. Ng5 {[%emt 0:02:58]} Bf5 {[%emt 0:01:06]} 12. Rb1 {[%emt 0:02:25]} Rb8 {[%emt 0:00:43]} 13. Be3 {[%emt 0:02:53]} h6 {[%emt 0:01:36]} 14. Ne4 {[%emt 0:00:13]} Qd7 {[%emt 0:02:23]} 15. f4 {[%emt 0:08:54]} Bxe4 {[%emt 0:02:26]} 16. Bxe4 {[%emt 0:00:17]} exf4 {[%emt 0:00:26]} 17. Bxf4 {[%emt 0:00:14]} Bxf4 {[%emt 0:00:16]} 18. Rxf4 {[%emt 0:00:18]} f5 {[%emt 0:01:36]} 19. Bg2 {[%emt 0:00:35]} b6 {[%emt 0:01:01]} 20. Qf2 {[%emt 0:05:07]} Rf6 {[%emt 0:01:48]} 21. Rb5 {[%emt 0:00:47]} Rbf8 {[%emt 0:01:33]} 22. c4 {[%emt 0:01:34]} Ne7 {[%emt 0:00:58]} 23. Rd4 {[%emt 0:00:37]} Qc8 {[%emt 0:00:48]} 24. c5 {[%emt 0:00:15]} c6 {[%emt 0:01:29]} 25. Rb1 {[%emt 0:00:05]} bxc5 {[%emt 0:00:44]} 26. Rc4 {[%emt 0:00:02]} Ng6 {[%emt 0:00:15]} 27. Qxc5 {[%emt 0:00:04]} f4 {[%emt 0:00:15]} 28. Bxc6 {[%emt 0:00:12]} Kh8 {[%emt 0:01:20]} 29. Be4 {[%emt 0:00:20]} Qh3 {[%emt 0:01:10]} 30. Bg2 {[%emt 0:00:16]} Qe6 {[%emt 0:00:07]} 31. Re4 {[%emt 0:00:10]} Qxa2 {[%emt 0:00:04]} 32. Rf1 {[%emt 0:00:08]} fxg3 {[%emt 0:00:10]} 33. Rxf6 {[%emt 0:00:09]} Rxf6 {[%emt 0:00:32]} 34. Re8+ {[%emt 0:00:13]} Kh7 {[%emt 0:00:02]} 35. hxg3 {[%emt 0:00:03]} Qf7 {[%emt 0:00:23]} 36. Ra8 {[%emt 0:00:06]} Rb6 {[%emt 0:00:10]} 37. Kh2 {[%emt 0:00:18]} Rf6 {[%emt 0:00:14]} 38. Rxa7 {[%emt 0:00:07]} Qe8 {[%emt 0:00:05]} 39. Qc7 {[%emt 0:00:15]} Qf8 {[%emt 0:00:07]} 40. d4 {[%emt 0:00:08]} h5 {[%emt 0:00:03]} 41. Ra8 {[%emt 0:00:12]} Qb4 {[%emt 0:00:18]} 42. Ra5 {[%emt 0:00:11]} Kh6 {[%emt 0:00:11]} 43. Ra7 {[%emt 0:00:11]} Qf8 {[%emt 0:00:03]} 44. Qc3 {[%emt 0:00:06]} h4 {[%emt 0:00:06]} 45. Qe3+ {[%emt 0:00:10]} Kh7 {[%emt 0:00:01]} 46. Ra5 {[%emt 0:00:13]} hxg3+ {[%emt 0:00:25]} 47. Qxg3 {[%emt 0:00:02]} Qd6 {[%emt 0:00:09]} 48. c4 {[%emt 0:00:17]} Qxg3+ {[%emt 0:00:17]} 49. Kxg3 {[%emt 0:00:01]} Nf4 {[%emt 0:00:10]} 50. Bf3 {[%emt 0:00:20]} Kg8 {[%emt 0:00:08]} 51. c5 {[%emt 0:00:10]} Ne6 {[%emt 0:00:15]} 52. d5 {[%emt 0:00:09]} Nd4 {[%emt 0:00:04]} 53. Be4 {[%emt 0:00:04]} Ne2+ {[%emt 0:00:02]} 54. Kg2 {[%emt 0:00:08]} Nf4+ {[%emt 0:00:01]} 55. Kh2 {[%emt 0:00:05]} Kf8 {[%emt 0:00:24]} 56. Ra8+ {[%emt 0:00:23]} Ke7 {[%emt 0:00:06]} 57. Ra7+ {[%emt 0:00:13]} Kd8 {[%emt 0:00:04]} 58. Rxg7 {[%emt 0:00:02]} Rh6+ {[%emt 0:00:21]} 59. Kg1 {[%emt 0:00:01]} Nxd5 {[%emt 0:00:13]} 60. Bxd5 {[%emt 0:00:25]} Rh5 {[%emt 0:00:01]} 61. Be4 {[%emt 0:00:07]} Rxc5 {[%emt 0:00:01]} 62. Kf2 {[%emt 0:00:11]} Rc3 {[%emt 0:00:02]} 63. Bf3 {[%emt 0:00:05]} Rc7 {[%emt 0:00:06]} 64. Rg6 {[%emt 0:00:05]} Ke7 {[%emt 0:00:04]} 65. Kg3 {[%emt 0:00:03]} Rc4 {[%emt 0:00:03]} 66. Kf2 {[%emt 0:00:10]} Rc3 {[%emt 0:00:05]} 67. Ra6 {[%emt 0:00:27]} Kd7 {[%emt 0:00:07]} 68. Kg3 {[%emt 0:00:11]} Rc4 {[%emt 0:00:02]} 69. Bg4+ {[%emt 0:00:10]} Kc7 {[%emt 0:00:00]} 70. Kf3 {[%emt 0:00:10]} Rc6 {[%emt 0:00:03]} 71. Ra7+ {[%emt 0:00:04]} Kd6 {[%emt 0:00:02]} 72. Bf5 {[%emt 0:00:10]} Rc4 {[%emt 0:00:02]} 73. Be4 {[%emt 0:00:05]} Ke5 {[%emt 0:00:03]} 74. Ra5+ {[%emt 0:00:04]} Kd6 {[%emt 0:00:34]} 75. Kf4 {[%emt 0:00:24]} Rc5 {[%emt 0:00:08]} 76. Ra6+ {[%emt 0:00:04]} Kc7 {[%emt 0:00:08]} 77. Ke3 {[%emt 0:00:17]} Rc4 {[%emt 0:00:10]} 78. Bd5 {[%emt 0:00:12]} Rb4 {[%emt 0:00:03]} 79. Kd3 {[%emt 0:00:04]} Rb1 {[%emt 0:00:41]} 80. Kd4 {[%emt 0:00:09]} Rb5 {[%emt 0:00:30]} 81. Ke5 {[%emt 0:00:19]} Rb8 {[%emt 0:00:22]} 82. Rc6+ {[%emt 0:00:05]} Kd7 {[%emt 0:00:13]} 83. Rh6 {[%emt 0:00:15]} Re8+ {[%emt 0:00:03]} 84. Kd4 {[%emt 0:00:03]} Rf8 {[%emt 0:00:25]} 85. Kc5 {[%emt 0:00:16]} Rc8+ {[%emt 0:00:03]} 86. Bc6+ {[%emt 0:00:05]} Ke7 {[%emt 0:00:01]} 87. Kd5 {[%emt 0:00:04]} Rg8 {[%emt 0:00:03]} 88. Kd4 {[%emt 0:00:22]} Rg4+ {[%emt 0:00:13]} 89. Ke5 {[%emt 0:00:09]} Rg5+ {[%emt 0:00:01]} 90. Kf4 {[%emt 0:00:01]} Rc5 {[%emt 0:00:15]} 91. Be4 {[%emt 0:00:07]} Kd7 {[%emt 0:00:03]} 92. Ra6 {[%emt 0:00:15]} Kc7 {[%emt 0:00:10]} 93. Ke3 {[%emt 0:00:06]} Rb5 {[%emt 0:00:32]} 94. Kd4 {[%emt 0:00:09]} Rb4+ {[%emt 0:00:19]} 95. Kd5 {[%emt 0:00:08]} Rb6 {[%emt 0:00:08]} 96. Ra5 {[%emt 0:00:13]} Rb4 {[%emt 0:00:13]} 97. Bd3 {[%emt 0:00:18]} Kb6 {[%emt 0:00:07]} 98. Ra6+ {[%emt 0:00:03]} Kb7 {[%emt 0:00:01]} 99. Kc5 {[%emt 0:00:12]} Rh4 {[%emt 0:00:08]} 100. Rb6+ {[%emt 0:00:09]} Kc7 {[%emt 0:00:03]} 101. Rf6 {[%emt 0:00:17]} Kd7 {[%emt 0:00:10]} 102. Bc4 {[%emt 0:00:07]} Rh7 {[%emt 0:00:15]} 103. Re6 {[%emt 0:00:15]} Rg7 {[%emt 0:00:08]} 104. Bd5 {[%emt 0:00:02]} Rg1 {[%emt 0:00:13]} 105. Rf6 {[%emt 0:00:15]} Rc1+ {[%emt 0:00:15]} 106. Bc4 {[%emt 0:00:02]} Ke7 {[%emt 0:00:03]} 107. Rf7+ {[%emt 0:00:02]} Ke8 {[%emt 0:00:01]} 108. Ra7 {[%emt 0:00:05]} Kf8 {[%emt 0:00:06]} 109. Kd5 {[%emt 0:00:07]} Rd1+ {[%emt 0:00:05]} 110. Ke6 {[%emt 0:00:07]} Rc1 {[%emt 0:00:31]} 111. Kf6 {[%emt 0:00:09]} Ke8 {[%emt 0:00:05]} 112. Ra8+ {[%emt 0:00:21]} 1/2-1/2

[Event "FIDE Womens World Cup 2021"]
[Site "Sochi"]
[Date "2021.07.14"]
[Round "1.4"]
[White "Aliaga Fernandez, Ingrid Y"]
[Black "Salimova, Nurgyul"]
[Result "0-1"]
[WhiteElo "2191"]
[BlackElo "2395"]
[Annotator "NA"]
[PlyCount "122"]
[EventDate "2021.07.12"]
[EventType "k.o."]
[EventCountry "RUS"]
[SourceTitle "playchess.com"]
[Source "ChessBase"]
[SourceQuality "1"]
[TimeControl "1500+10"]

1. e4 {[%emt 0:00:04]} c6 {[%emt 0:00:03]} 2. d4 {[%emt 0:00:03]} d5 {[%emt 0:00:01]} 3. Nc3 {[%emt 0:00:01]} dxe4 {[%emt 0:00:03]} 4. Nxe4 {[%emt 0:00:02]} Nf6 {[%emt 0:00:02]} 5. Nxf6+ {[%emt 0:00:02]} exf6 {[%emt 0:00:01]} 6. c3 {[%emt 0:00:02]} Bd6 {[%emt 0:00:10]} 7. Bd3 {[%emt 0:00:02]} O-O {[%emt 0:00:06]} 8. Qc2 {[%emt 0:00:02]} Re8+ {[%emt 0:00:02]} 9. Ne2 {[%emt 0:00:03]} h5 {[%emt 0:00:06]} 10. Be3 {[%emt 0:00:24]} Nd7 {[%emt 0:00:41]} 11. O-O-O {[%emt 0:00:03]} b5 {[%emt 0:00:13]} 12. Kb1 {[%emt 0:01:58]} Nb6 {[%emt 0:00:27]} 13. Nf4 {[%emt 0:01:34]} Bxf4 {[%emt 0:00:13]} 14. Bxf4 {[%emt 0:00:02]} Be6 {[%emt 0:01:12]} 15. Bc1 {[%emt 0:00:31]} a5 {[%emt 0:00:17]} 16. Be4 {[%emt 0:01:11]} Bd5 {[%emt 0:00:20]} 17. Rhe1 {[%emt 0:00:55]} Qd7 {[%emt 0:05:20]} 18. h3 {[%emt 0:02:09]} b4 {[%emt 0:00:43]} 19. Bh7+ {[%emt 0:01:47]} Kh8 {[%emt 0:00:43]} 20. Bf5 {[%emt 0:00:10]} Qb7 {[%emt 0:05:53]} 21. g4 {[%emt 0:00:24]} bxc3 {[%emt 0:02:54]} 22. Qxc3 {[%emt 0:00:47]} h4 {[%emt 0:00:54]} 23. g5 {[%emt 0:00:06]} fxg5 {[%emt 0:01:21]} 24. Bxg5 {[%emt 0:00:17]} Qc7 {[%emt 0:01:06]} 25. Bc2 {[%emt 0:01:00]} Qd6 {[%emt 0:01:29]} 26. Bxh4 {[%emt 0:02:36]} a4 {[%emt 0:01:04]} 27. Bg3 {[%emt 0:00:34]} Qh6 {[%emt 0:00:18]} 28. Bd3 {[%emt 0:04:49]} Re6 {[%emt 0:01:07]} 29. Bc7 {[%emt 0:00:49]} Nd7 {[%emt 0:00:51]} 30. Bf5 {[%emt 0:01:18]} Rxe1 {[%emt 0:00:46]} 31. Rxe1 {[%emt 0:00:02]} Nf8 {[%emt 0:00:07]} 32. Bg3 {[%emt 0:01:50]} Ne6 {[%emt 0:00:09]} 33. Rg1 {[%emt 0:01:23]} Qf6 {[%emt 0:00:09]} 34. Bxe6 {[%emt 0:00:55]} Qxe6 {[%emt 0:00:25]} 35. a3 {[%emt 0:00:10]} Qf5+ {[%emt 0:00:11]} 36. Ka1 {[%emt 0:00:04]} Re8 {[%emt 0:00:06]} 37. h4 {[%emt 0:02:47]} f6 {[%emt 0:00:17]} 38. Re1 {[%emt 0:00:19]} Rxe1+ {[%emt 0:00:32]} 39. Qxe1 {[%emt 0:00:01]} Bg8 {[%emt 0:00:40]} 40. Qd1 {[%emt 0:00:20]} Qd5 {[%emt 0:00:05]} 41. Kb1 {[%emt 0:00:02]} Qa2+ {[%emt 0:00:13]} 42. Kc1 {[%emt 0:00:01]} Qa1+ {[%emt 0:00:10]} 43. Kd2 {[%emt 0:00:01]} Qxb2+ {[%emt 0:00:05]} 44. Ke1 {[%emt 0:00:01]} Qb5 {[%emt 0:00:35]} 45. Qe2 {[%emt 0:00:28]} Qb1+ {[%emt 0:00:06]} 46. Qd1 {[%emt 0:00:01]} Qe4+ {[%emt 0:00:08]} 47. Qe2 {[%emt 0:00:01]} Qh1+ {[%emt 0:00:09]} 48. Kd2 {[%emt 0:00:01]} Qd5 {[%emt 0:00:04]} 49. Ke3 {[%emt 0:00:49]} Bf7 {[%emt 0:00:05]} 50. Qd3 {[%emt 0:00:06]} Kg8 {[%emt 0:00:31]} 51. Qe4 {[%emt 0:00:10]} Qb3+ {[%emt 0:00:03]} 52. Qd3 {[%emt 0:00:03]} Qb2 {[%emt 0:00:09]} 53. Bd6 {[%emt 0:00:11]} Qc1+ {[%emt 0:00:16]} 54. Qd2 {[%emt 0:00:05]} Qh1 {[%emt 0:00:05]} 55. Qb4 {[%emt 0:00:06]} Qxh4 {[%emt 0:00:09]} 56. Qxa4 {[%emt 0:00:19]} Bd5 {[%emt 0:00:02]} 57. Bg3 {[%emt 0:00:24]} Qe4+ {[%emt 0:00:06]} 58. Kd2 {[%emt 0:00:00]} Qb1 {[%emt 0:00:07]} 59. Qb4 {[%emt 0:00:05]} Qa2+ {[%emt 0:00:08]} 60. Kc3 {[%emt 0:00:15]} Qe2 {[%emt 0:00:08]} 61. a4 {[%emt 0:00:06]} Qe1+ {[%emt 0:00:02]} 0-1

[Event "FIDE Womens World Cup 2021"]
[Site "Sochi"]
[Date "2021.07.14"]
[Round "1.4"]
[White "Latreche, Sabrina"]
[Black "Buksa, Nataliya"]
[Result "1/2-1/2"]
[WhiteElo "2076"]
[BlackElo "2413"]
[Annotator "ChessBase"]
[PlyCount "63"]
[EventDate "2021.07.12"]
[EventType "k.o."]
[EventCountry "RUS"]
[SourceTitle "playchess.com"]
[Source "ChessBase"]
[SourceQuality "1"]
[TimeControl "1500+10"]

1. e4 {[%emt 0:00:02]} c5 {[%emt 0:00:03]} 2. Nf3 {[%emt 0:00:02]} e6 {[%emt 0:00:00]} 3. d4 {[%emt 0:00:05]} cxd4 {[%emt 0:00:02]} 4. Nxd4 {[%emt 0:00:03]} Nc6 {[%emt 0:00:01]} 5. Nc3 {[%emt 0:00:16]} Qc7 {[%emt 0:00:04]} 6. Be3 {[%emt 0:00:09]} a6 {[%emt 0:00:02]} 7. Be2 {[%emt 0:00:38]} Nf6 {[%emt 0:00:05]} 8. O-O {[%emt 0:00:39]} Be7 {[%emt 0:00:02]} 9. f3 {[%emt 0:00:30]} b5 {[%emt 0:00:33]} 10. a3 {[%emt 0:00:31]} Bb7 {[%emt 0:00:09]} 11. Kh1 {[%emt 0:00:23]} O-O {[%emt 0:00:12]} 12. Nb3 {[%emt 0:00:49]} d5 {[%emt 0:01:26]} 13. exd5 {[%emt 0:00:23]} Rad8 {[%emt 0:00:01]} 14. Qe1 {[%emt 0:00:59]} Nxd5 {[%emt 0:01:17]} 15. Nxd5 {[%emt 0:01:12]} Rxd5 {[%emt 0:01:22]} 16. Rd1 {[%emt 0:00:26]} Rxd1 {[%emt 0:02:14]} 17. Bxd1 {[%emt 0:00:05]} Bd6 {[%emt 0:06:59]} 18. Qh4 {[%emt 0:01:31]} Ne7 {[%emt 0:00:07]} 19. Bg1 {[%emt 0:03:27]} Nf5 {[%emt 0:01:13]} 20. Qg4 {[%emt 0:00:24]} Bd5 {[%emt 0:00:54]} 21. Nd4 {[%emt 0:00:54]} Nxd4 {[%emt 0:00:34]} 22. Qxd4 {[%emt 0:01:17]} Be5 {[%emt 0:00:08]} 23. Qb4 {[%emt 0:00:21]} Qc4 {[%emt 0:00:23]} 24. Re1 {[%emt 0:01:05]} Qxb4 {[%emt 0:00:44]} 25. axb4 {[%emt 0:00:02]} Bxb2 {[%emt 0:00:02]} 26. Bc5 {[%emt 0:00:10]} Rc8 {[%emt 0:00:30]} 27. Be2 {[%emt 0:00:53]} a5 {[%emt 0:02:03]} 28. Bxb5 {[%emt 0:00:29]} axb4 {[%emt 0:00:04]} 29. Bxb4 {[%emt 0:00:17]} Rxc2 {[%emt 0:00:09]} 30. Bd3 {[%emt 0:00:19]} Rc1 {[%emt 0:00:04]} 31. Rxc1 {[%emt 0:00:28]} Bxc1 {[%emt 0:00:02]} 32. Kg1 {[%emt 0:00:06]} 1/2-1/2

[Event "FIDE Womens World Cup 2021"]
[Site "Sochi"]
[Date "2021.07.14"]
[Round "1.4"]
[White "Varela La Madrid, Tilsia Carolina"]
[Black "Guichard, Pauline"]
[Result "1/2-1/2"]
[WhiteElo "2072"]
[BlackElo "2413"]
[Annotator "NA"]
[PlyCount "80"]
[EventDate "2021.07.12"]
[EventType "k.o."]
[EventCountry "RUS"]
[SourceTitle "playchess.com"]
[Source "ChessBase"]
[SourceQuality "1"]
[TimeControl "1500+10"]

1. e4 {[%emt 0:00:02]} e5 {[%emt 0:00:01]} 2. Nf3 {[%emt 0:00:01]} Nc6 {[%emt 0:00:02]} 3. Nc3 {[%emt 0:00:01]} Nf6 {[%emt 0:00:03]} 4. Bb5 {[%emt 0:00:01]} Nd4 {[%emt 0:00:03]} 5. O-O {[%emt 0:00:04]} c6 {[%emt 0:00:02]} 6. Bc4 {[%emt 0:00:02]} d6 {[%emt 0:00:21]} 7. Nxd4 {[%emt 0:01:35]} exd4 {[%emt 0:00:02]} 8. Ne2 {[%emt 0:00:01]} Nxe4 {[%emt 0:00:03]} 9. d3 {[%emt 0:00:02]} Nf6 {[%emt 0:00:15]} 10. Nxd4 {[%emt 0:00:03]} d5 {[%emt 0:00:32]} 11. Bb3 {[%emt 0:00:32]} Be7 {[%emt 0:00:09]} 12. Qf3 {[%emt 0:00:33]} O-O {[%emt 0:02:34]} 13. Nf5 {[%emt 0:00:28]} Bxf5 {[%emt 0:00:04]} 14. Qxf5 {[%emt 0:00:02]} Qd7 {[%emt 0:00:02]} 15. Qf3 {[%emt 0:01:37]} Bd6 {[%emt 0:05:13]} 16. h3 {[%emt 0:00:21]} Rfe8 {[%emt 0:00:11]} 17. Bg5 {[%emt 0:00:34]} Re6 {[%emt 0:00:02]} 18. c4 {[%emt 0:00:54]} Rae8 {[%emt 0:00:21]} 19. Be3 {[%emt 0:03:08]} d4 {[%emt 0:04:13]} 20. Bxd4 {[%emt 0:01:13]} Bh2+ {[%emt 0:00:02]} 21. Kxh2 {[%emt 0:00:02]} Qxd4 {[%emt 0:00:01]} 22. Qg3 {[%emt 0:03:13]} Re2 {[%emt 0:01:52]} 23. Rac1 {[%emt 0:01:26]} h5 {[%emt 0:01:04]} 24. c5 {[%emt 0:00:11]} h4 $11 {[%emt 0:01:01]} 25. Qg6 {[%emt 0:00:14]} R8e7 {[%emt 0:02:25]} 26. Qf5 {[%emt 0:00:53]} Qxb2 {[%emt 0:00:48]} 27. Rc4 {[%emt 0:00:07]} Qe5+ {[%emt 0:02:03]} 28. Qxe5 {[%emt 0:00:02]} R7xe5 {[%emt 0:00:04]} 29. Rxh4 {[%emt 0:00:04]} Rxc5 {[%emt 0:00:14]} 30. Rd4 {[%emt 0:00:59]} Rce5 {[%emt 0:00:30]} 31. f4 {[%emt 0:02:02]} Re8 {[%emt 0:00:15]} 32. Ra4 {[%emt 0:01:21]} a6 {[%emt 0:00:30]} 33. Rb4 {[%emt 0:00:37]} b5 {[%emt 0:02:06]} 34. Rc1 {[%emt 0:00:30]} Rd2 {[%emt 0:00:29]} 35. Rxc6 {[%emt 0:00:49]} Ree2 {[%emt 0:00:07]} 36. Rc8+ {[%emt 0:00:06]} Kh7 {[%emt 0:00:02]} 37. Bxf7 {[%emt 0:01:34]} Rxg2+ {[%emt 0:00:03]} 38. Kh1 {[%emt 0:00:09]} Rh2+ {[%emt 0:00:03]} 39. Kg1 {[%emt 0:00:02]} Rhg2+ {[%emt 0:00:02]} 40. Kh1 {[%emt 0:00:03]} Rh2+ {[%emt 0:00:01]} 1/2-1/2

[Event "FIDE Womens World Cup 2021"]
[Site "Sochi"]
[Date "2021.07.14"]
[Round "1.5"]
[White "Cyfka, Karina"]
[Black "Demchenko, Svitlana"]
[Result "1-0"]
[WhiteElo "2417"]
[BlackElo "2089"]
[Annotator "ChessBase"]
[PlyCount "113"]
[EventDate "2021.07.12"]
[EventType "k.o."]
[EventCountry "RUS"]
[SourceTitle "playchess.com"]
[Source "ChessBase"]
[SourceQuality "1"]
[TimeControl "600+10"]

1. d4 {[%emt 0:00:02]} Nf6 {[%emt 0:00:01]} 2. Nf3 {[%emt 0:00:01]} e6 {[%emt 0:00:08]} 3. g3 {[%emt 0:00:02]} d5 {[%emt 0:00:07]} 4. Bg2 {[%emt 0:00:05]} Nbd7 {[%emt 0:00:12]} 5. O-O {[%emt 0:00:14]} Bd6 {[%emt 0:00:27]} 6. c4 {[%emt 0:00:21]} c6 {[%emt 0:00:01]} 7. Qc2 {[%emt 0:01:12]} O-O {[%emt 0:00:29]} 8. b3 {[%emt 0:00:09]} Ne4 {[%emt 0:00:29]} 9. Bb2 {[%emt 0:00:13]} Qe7 {[%emt 0:00:30]} 10. Nbd2 {[%emt 0:00:31]} f5 {[%emt 0:00:01]} 11. Ne5 {[%emt 0:00:31]} c5 {[%emt 0:01:09]} 12. e3 {[%emt 0:01:29]} b6 {[%emt 0:00:38]} 13. Ndf3 {[%emt 0:00:38]} Bb7 {[%emt 0:00:18]} 14. Rfd1 {[%emt 0:00:26]} Rac8 {[%emt 0:00:14]} 15. Qe2 {[%emt 0:00:32]} Ba6 {[%emt 0:00:40]} 16. Rac1 {[%emt 0:00:16]} Ndf6 {[%emt 0:00:28]} 17. h3 {[%emt 0:00:13]} Rfd8 {[%emt 0:00:34]} 18. Ne1 {[%emt 0:00:40]} Nd7 {[%emt 0:00:34]} 19. Kh2 {[%emt 0:00:31]} Bb8 {[%emt 0:00:40]} 20. f3 {[%emt 0:00:58]} Nef6 {[%emt 0:00:02]} 21. Qf2 {[%emt 0:00:27]} Bb7 {[%emt 0:00:47]} 22. N1d3 {[%emt 0:00:09]} dxc4 {[%emt 0:00:40]} 23. bxc4 {[%emt 0:00:10]} Qe8 {[%emt 0:00:47]} 24. Kg1 {[%emt 0:00:14]} h6 {[%emt 0:00:22]} 25. g4 {[%emt 0:00:13]} Nf8 {[%emt 0:00:59]} 26. Nf4 {[%emt 0:00:52]} g5 {[%emt 0:00:07]} 27. Nfd3 {[%emt 0:00:05]} Ng6 {[%emt 0:00:05]} 28. dxc5 {[%emt 0:00:26]} bxc5 {[%emt 0:00:10]} 29. Nxg6 {[%emt 0:00:18]} Qxg6 {[%emt 0:00:02]} 30. Nxc5 {[%emt 0:00:21]} Rxd1+ {[%emt 0:01:25]} 31. Rxd1 {[%emt 0:00:01]} Rxc5 {[%emt 0:00:24]} 32. Rd8+ {[%emt 0:00:01]} Ne8 {[%emt 0:00:14]} 33. Rxb8 {[%emt 0:00:08]} Ba6 {[%emt 0:00:28]} 34. Qd2 {[%emt 0:00:39]} Rc8 {[%emt 0:01:00]} 35. Rxc8 {[%emt 0:00:02]} Bxc8 {[%emt 0:00:00]} 36. Qd4 {[%emt 0:01:12]} Kf7 {[%emt 0:00:02]} 37. Qxa7+ {[%emt 0:00:03]} Kg8 {[%emt 0:00:03]} 38. Qd4 {[%emt 0:00:18]} f4 {[%emt 0:00:07]} 39. exf4 {[%emt 0:00:18]} gxf4 {[%emt 0:00:02]} 40. Qxf4 {[%emt 0:00:25]} Qb1+ {[%emt 0:00:02]} 41. Qc1 {[%emt 0:00:03]} Qxa2 {[%emt 0:00:06]} 42. Qc3 {[%emt 0:00:04]} Qb1+ {[%emt 0:00:15]} 43. Kh2 {[%emt 0:00:02]} Qg6 {[%emt 0:00:19]} 44. c5 {[%emt 0:00:06]} Kf7 {[%emt 0:00:18]} 45. c6 {[%emt 0:00:16]} Nc7 {[%emt 0:00:00]} 46. f4 {[%emt 0:00:22]} h5 {[%emt 0:00:49]} 47. Qe5 {[%emt 0:00:39]} Ne8 {[%emt 0:00:05]} 48. Be4 {[%emt 0:00:24]} Qh6 {[%emt 0:00:11]} 49. g5 {[%emt 0:00:19]} Qg7 {[%emt 0:00:01]} 50. Qxg7+ {[%emt 0:00:29]} Nxg7 {[%emt 0:00:01]} 51. Bxg7 {[%emt 0:00:08]} Kxg7 {[%emt 0:00:01]} 52. Kg3 {[%emt 0:00:07]} Ba6 {[%emt 0:00:25]} 53. Kf2 {[%emt 0:00:10]} Kf7 {[%emt 0:00:15]} 54. Ke3 {[%emt 0:00:03]} Ke7 {[%emt 0:00:08]} 55. Kd4 {[%emt 0:00:08]} Kd6 {[%emt 0:00:09]} 56. g6 {[%emt 0:00:08]} Ke7 {[%emt 0:00:07]} 57. Ke5 1-0

[Event "FIDE Womens World Cup 2021"]
[Site "Sochi"]
[Date "2021.07.14"]
[Round "1.5"]
[White "Skripchenko, Almira"]
[Black "Wafa, Shahenda"]
[Result "1-0"]
[WhiteElo "2411"]
[BlackElo "2106"]
[Annotator "ChessBase"]
[PlyCount "83"]
[EventDate "2021.07.12"]
[EventType "k.o."]
[EventCountry "RUS"]
[SourceTitle "playchess.com"]
[Source "ChessBase"]
[SourceQuality "1"]
[TimeControl "600+10"]

1. Nf3 {[%emt 0:00:01]} f5 {[%emt 0:00:03]} 2. g3 {[%emt 0:00:13]} Nf6 {[%emt 0:00:03]} 3. Bg2 {[%emt 0:00:02]} g6 {[%emt 0:00:02]} 4. d3 {[%emt 0:00:06]} Bg7 {[%emt 0:00:03]} 5. Nbd2 {[%emt 0:00:15]} O-O {[%emt 0:00:14]} 6. e4 {[%emt 0:00:02]} d6 {[%emt 0:00:06]} 7. c3 {[%emt 0:00:12]} e5 {[%emt 0:00:10]} 8. Qb3+ {[%emt 0:00:37]} Kh8 {[%emt 0:00:03]} 9. Ng5 {[%emt 0:00:18]} Qe7 {[%emt 0:00:30]} 10. exf5 {[%emt 0:00:10]} Bxf5 {[%emt 0:04:26]} 11. Bxb7 {[%emt 0:00:08]} Ng4 {[%emt 0:00:23]} 12. Nge4 {[%emt 0:00:10]} Nd7 {[%emt 0:00:12]} 13. Bxa8 {[%emt 0:00:05]} Rxa8 {[%emt 0:00:01]} 14. h3 {[%emt 0:00:16]} Ngf6 {[%emt 0:00:15]} 15. Qa3 {[%emt 0:03:12]} Qe6 {[%emt 0:00:53]} 16. g4 {[%emt 0:00:07]} Bxe4 {[%emt 0:00:09]} 17. dxe4 {[%emt 0:00:02]} Nc5 {[%emt 0:00:06]} 18. f3 {[%emt 0:00:27]} Nd3+ {[%emt 0:00:05]} 19. Ke2 {[%emt 0:00:06]} Nf4+ {[%emt 0:00:06]} 20. Kd1 {[%emt 0:00:04]} d5 {[%emt 0:00:05]} 21. Kc2 {[%emt 0:00:24]} Qc6 {[%emt 0:00:45]} 22. g5 {[%emt 0:00:17]} Nd7 {[%emt 0:00:20]} 23. h4 {[%emt 0:00:29]} Nc5 {[%emt 0:00:48]} 24. Nb3 {[%emt 0:00:09]} Ncd3 {[%emt 0:00:10]} 25. Bxf4 {[%emt 0:00:09]} Nxf4 {[%emt 0:00:04]} 26. Qc5 {[%emt 0:00:08]} Qa6 {[%emt 0:00:09]} 27. Rad1 {[%emt 0:00:09]} Qe2+ {[%emt 0:00:09]} 28. Rd2 {[%emt 0:00:48]} Qxf3 {[%emt 0:00:04]} 29. Re1 {[%emt 0:00:02]} Rd8 {[%emt 0:01:06]} 30. Qxc7 {[%emt 0:01:05]} Rf8 {[%emt 0:00:02]} 31. Nc5 {[%emt 0:01:25]} d4 {[%emt 0:00:10]} 32. Kb3 {[%emt 0:01:09]} Ng2 {[%emt 0:00:26]} 33. Ree2 {[%emt 0:00:02]} Nf4 {[%emt 0:00:21]} 34. Rf2 {[%emt 0:00:14]} Qh3 {[%emt 0:00:10]} 35. a3 {[%emt 0:00:20]} a6 {[%emt 0:00:41]} 36. Qd6 {[%emt 0:00:23]} a5 {[%emt 0:00:12]} 37. a4 {[%emt 0:00:07]} Qc8 {[%emt 0:00:14]} 38. cxd4 {[%emt 0:00:26]} Rd8 {[%emt 0:00:04]} 39. Qb6 {[%emt 0:00:15]} Nh3 {[%emt 0:01:36]} 40. Rf7 {[%emt 0:00:11]} exd4 {[%emt 0:00:08]} 41. Rxg7 {[%emt 0:00:12]} Kxg7 {[%emt 0:00:11]} 42. Ne6+ {[%emt 0:00:02]} 1-0